1124 1478 1277 1035 1263 1684 1093 1885 1740 1354 1153 1745 1000 1911 1205 1333 1692 1298 1579 1896 1856 1561 1910 1214 1047 1817 1588 1627 1796 1730 1957 1330 1874 1618 1962 1294 1093 1768 1300 1653 1551 1549 1030 1727 1714 1828 1519 1319 1786 1846 1450 1565 1994 1546 1314 1642 1669 1004 1366 1525 1187 1751 1510 1098 1006 1043 1083 2000 1942 1370 1745 1121 1202 1111 1857 1648 1990 1750 1468 1796 1793 1930 1448 1953 1475 1645 1335 1633 1893 1106 1381 1794 1152 1871 1392 1093 1505 1061 1954 BCNSPRNW ULIB Ver.6.0+V

เปลี่ยนเป็นภาษาไทย

Change to English
 แสดงรายละเอียดบรรณานุกรม
  กลับหน้าหลัก

Brief Record : Get Marc (ISO 2709) : E-mail record : QR code < ปิดหน้าต่าง
LEADER : 00000nam 2200000uu 4500
001    13399122408
003     ULIB
008    130402s||||||||th 000 0 tha d
020    ^a9789749749074
050 04 ^aT^bน176ร
100 0  ^aนพพร เลาห์หิรัญญากุล
245 10 ^aเรียนไว ใช้เป็นเร็ว Microsoft Excel 2007 /^cนพพร เลาห์หิรัญญากุล
246 30 ^aเรียนไว ใช้เป็นเร็ว Microsoft Excel 2007
260    ^aกรุงเทพฯ :^bไอที อีซี่,^c2551
300    ^a272 หน้า :^bภาพประกอบ ;^c22 ซม
650  7 ^aไมโครซอฟต์เอ็กเซล
650  7 ^aExcel
650  7 ^aโปรแกรมคอมพิวเตอร์
945    ^p179^l0^i14545
995    ^aทศพร
999    ^aทศพร เกษรทอง
รายการนี้ยังไม่มีแท็ก
คุณยังไม่ได้ล็อกอิน คุณสามารถมีกิจกรรมร่วมกับเว็บไซต์ได้ แต่ต้องล็อกอินก่อน ::
  ล็อกอิน

รายการสื่อสารสนเทศ

ลำดับที่ ประเภท เลขเรียก/บาร์โค้ด สถานที่ สถานะ
1. การศึกษาทั่วไป
การศึกษาทั่วไป
T น176ร ฉ.1 
  Barcode: 14545
ห้องสมุดวิทยาเขตสวรรค์ประชารักษ์
►หนังสือทั่วไป
บนชั้น

รายการใกล้เคียง
    หัวเรื่อง [ไมโครซอฟต์เอ็กเซล]
    หัวเรื่อง [โปรแกรมคอมพิวเตอร์]

BibComment


ยังไม่เคยถูกคอมเมนท์

คอมเมนท์ทรัพยากรรายการนี้
  คอมเมนท์: เรียนไว ใช้เป็นเ..


 Copyright 2026. Bcnsprnw @Library